00799nam a2200205 i 4500001000700000003000900007007000300016008004100019080001200060100003100072245015700103260003400260300002200294490003500316700004100351830004000392852002100432999001900453952012100472124533ES-MaACLt|070329s1936 sp ||||1| spa d a33(022)1 aColbourne, Maurice.93955413aLa economía nueva b: (nacionalismo económico) / cMaurice Colbourne ; traducción de la tercera edición inglesa por Carmela García de López. aBarcelona : bLabor, c[1936] a314 p. ; c17 cm.1 aColección Labor ; v378, 3791 aGarcía de López, Carmela.95446600aColección Laborv378, 3799184254 aES-MaACLjE-2851 c124533d124533 00104070aATENEOMbATENEOMcDEPO2d2008-01-17eSCl0oE-2851p1129747r2023-02-23 00:00:00w2023-02-23yMONOGRAFIA